Antología de Textos Sobre Educación /
José Vasconcelos (1881-1859), político, intelectual, escritor y educador mexicano; Secretario de Educación Pública (1921-1924).
保存先:
| 第一著者: | |
|---|---|
| フォーマット: | 図書 |
| 言語: | スペイン語 |
| 出版事項: |
México :
Secretaría de Educación Pública : Fondo de Cultura Económica,
1981
|
| シリーズ: | (Sep/80 ;
8) |
| 主題: | |
| タグ: |
タグなし, このレコードへの初めてのタグを付けませんか!
|
MARC
| LEADER | 00000nam^a2200000^a^4500 | ||
|---|---|---|---|
| 001 | 000022894 | ||
| 005 | 20250521000000.0 | ||
| 009 | 20260310084513.433 | ||
| 020 | |a 968-16-0841-0 | ||
| 037 | |a Acervo ITESO - Biblioteca | ||
| 041 | |a ESP | ||
| 082 | |a 370. 78 |b VAS | ||
| 100 | |a Vasconcelos, José |e (autor) | ||
| 245 | 1 | 0 | |a Antología de Textos Sobre Educación / |c J. Vasconcelos; introd. de: Alicia Molina. |
| 264 | 1 | |a México : |b Secretaría de Educación Pública : |b Fondo de Cultura Económica, |c 1981 | |
| 300 | |a 306 p. | ||
| 336 | |a texto |b txt |2 rdacontenido | ||
| 337 | |a sin mediación |b n |2 rdamedio | ||
| 338 | |a volumen |b nc |2 rdasoporte | ||
| 440 | 1 | |a (Sep/80 ; |v 8) | |
| 520 | |a José Vasconcelos (1881-1859), político, intelectual, escritor y educador mexicano; Secretario de Educación Pública (1921-1924). | ||
| 649 | |a XX | ||
| 650 | |a Educación - |z México | ||
| 650 | |a Educación - |z México | ||
| 910 | |a Fondo General | ||
| 920 | |a Impresos - Libros | ||
| 930 | |a Colección General | ||
| 905 | |a 101 | ||
| 901 | |a 0228940100 |b IT1 |c ACC |i 022894 |u 20250521 | ||
| 902 | |a https://opac.biblio.iteso.mx/vufind/Record/000022894 | ||